000 00986nam0a22002771 4500
001 rc\2725720
005 20250806211129.0
035 _a(NLR Aleph) 006853199
090 _a7145
_c7145
100 _a20110915d1943 u y0rusy50 ca
101 0 _arus
102 _aRU
105 _ay z |||||
200 1 _aВопросы рациональной геометрии режущего инструмента
210 _a[Москва]
_cОборонгиз
_d1943
215 _a12 с., без обл.
_d20 см.
225 1 _aИнформационное письмо
_fНКАП СССР. Оргавиапром
_v№ 9
300 _aСоставитель указан на обороте тит. л.
700 1 _aЛарин
_bМ.Н.
_gМоисей Нисович
801 0 _aRU
_bNLR
_gpsbo
801 1 _aRU
_bELAR
_2rusmarc
852 _aNLR
_jТ36 Г-4/190
942 _cBOOK
945 _aРоссийская национальная библиотека
980 _aNB
980 _aBV